000 00687nam a22001937a 4500
999 _c189277
_d189277
005 20220622163011.0
010 _aUR-11604
020 _a9789383741274
_c595.00
035 _aU-10159
037 _bDBAD/PUB
_a-
082 _a921
100 _aسا قی ، نا ر نگ
245 _aشگفتگی و بر جستگی قلم کاروں کی /
_cنا ر نگ سا قی
246 _aShaguftagi wa Barjastagi Qalam Karon ki /
_bby Narang Saqi
260 _aNew Delhi
_bM.R. Publications
_c2019 ء
270 _a#10 Metropole Market, 2724-25, First Floor, Kucha Chelan, Daryaganj
_bNew Delhi
_e110002
300 _a360 ص
_c22cm(Hb)
942 _2ddc
_cUR
_h921
_mس ا ق